| 000 | 00539nam a22001817a 4500 | ||
|---|---|---|---|
| 999 |
_c22593 _d22593 |
||
| 003 | BDDh-ASL | ||
| 005 | 20231015030138.0 | ||
| 008 | 210301s1988 en ||||| |||| 00| 0 eng d | ||
| 040 | _cBDDh-ASL | ||
| 082 |
_a362.80 _bHAQ |
||
| 100 |
_93271 _aHartmann, Betsy |
||
| 245 | 1 | 0 |
_aA Quiet Violence: _bView from a Bangladesh Village / |
| 260 |
_aUK: _bInstitute for Food and Development Policy, _c1988. |
||
| 300 |
_a385 p.: _c22 cm. |
||
| 650 | 0 |
_93273 _aViolence _xVillage _zBangladesh |
|
| 700 | 1 |
_93272 _aBoyce, James K. |
|
| 942 |
_2ddc _cBK |
||